Sistemas de presupuesto y control para obras de ingeniería civil
Gardado en:
| Autor Principal: | |
|---|---|
| Formato: | Desconocido |
| Publicado: |
[San José, Costa Rica]
1970
|
| Materias: | |
| Etiquetas: |
Engadir etiqueta
Sen Etiquetas, Sexa o primeiro en etiquetar este rexistro!
|
MARC
| LEADER | 00000 a2200000 4500 | ||
|---|---|---|---|
| 003 | 011327 | ||
| 005 | 20221231143815.0 | ||
| 008 | 140114s1970 c a m 000 ||s d | ||
| 040 | |c cru CEDI | ||
| 090 | |a TFG 392 | ||
| 100 | |a Van Der Laat Ulloa, Rodrigo |9 17871 | ||
| 245 | |a Sistemas de presupuesto y control para obras de ingeniería civil | ||
| 260 | |c 1970 |a [San José, Costa Rica] | ||
| 300 | |a 75 hojas : ilustraciones ; 28 cm | ||
| 500 | |a Tesis (ingeniero civil)--Universidad de Costa Rica. Facultad de Ingeniería | ||
| 650 | |x CONSTRUCCION - COSTOS |9 17872 | ||
| 942 | |c TFG | ||
| 999 | |c 12285 |d 12285 | ||
